Rappeurs par lettre - M - Statistiques

Statistiques générales
  • Ce quiz a été pris 241 fois
  • Le résultat moyen est 5 sur 13
Statistiques - réponses
Albums notable Réponse % Correct
MVP, Double V Mister V
86%
Pure, Les derniers salopards Maes
84%
Bendero Moha La Squale
69%
19, Mansa MHD
41%
N'DA, Tout pour le gang MMZ
41%
Subliminat, Mon coeur avait raison Maître Gims
36%
Affaire de famille, La dictature MZ
34%
MRC, Zéro code MRC
29%
Prose combat, Cinquième as MC Solaar
27%
Mec e rue, Dans ma grotte Mister You
25%
Don't Panic Tape, Démineur Médine
22%
Panique celtique Manau
21%
Banger, Noir Mac Tyer
9%
Aucun quiz correspondant
Distribution des résultats
% des personnes avec chaque résultat
Percentile par nombre de réponses
Votre historique - résultats
Vous n’avez pas pris ce quiz